000
00283nam a22001337a 4500
008
170810b xxu||||| |||| 00| 0 eng d
020
_a
9780536196880
041
_a
eng
080
_a
004
100
_a
35
101
_a
SHK
245
_a
CUSTOM PROGRAM
_c
GALVIN,A
942
_2
udc
_c
BK
999
_c
23064
_d
23064